Statistics for Ninoy Aquino Int. Airport Destinations (Manila, Philippines)

Click here to take the quiz!

General Stats

  • This quiz has been taken 24 times
  • The average score is 60 of 94

Answer Stats

AirlineDestination% Correct
Etihad AirwaysAbu Dhabi
100%
KLMAmsterdam
100%
Philippines AirAsiaBangkok (Don Mueang)
100%
Cebu Pacific/Philippine Airlines/Thai Airways InternationalBangkok (Suvarnabhumi)
100%
Air China/Cebu Pacific/Philippine AirlinesBeijing (Capital)
100%
Philippine AirlinesBusan
100%
Cebu Pacific/China Southern Airlines/Philippine Airlines/Philippines AirAsiaGuangzhou
100%
Cebu Pacific/Philippine AirlinesHanoi
100%
Cebu Pacific/Philippine AirlinesHo Chi Minh City
100%
Cathay Pacific/Cebu Pacific/Hong Kong Airlines/Philippine Airlines/Philippines AirAsiaHong Kong
100%
Turkish AirlinesIstanbul
100%
Cebu Pacific/Philippine AirlinesJakarta (Soekarno-Hatta)
100%
SaudiaJeddah
100%
AirAsia/Cebu Pacific/Malaysia Airlines/Philippine Airlines/Philippines AirAsiaKuala Lumpur (International)
100%
Philippine AirlinesLos Angeles
100%
Cebu Pacific/Philippine AirlinesMelbourne
100%
Oman AirMuscat
100%
Cebu Pacific/Philippine AirlinesNagoya (Centrair)
100%
Cebu Pacific/Philippine Airlines/Philippines AirAsiaOsaka (Kansai)
100%
Philippine Airlines/SaudiaRiyadh
100%
Philippine AirlinesSan Francisco
100%
Asiana Airlines/Cebu Pacific/Jeju Air/Korean Air/Philippine Airlines/Philippines AirAsiaSeoul (Incheon)
100%
Cebu Pacific/Jetstar Japan/Philippine Airlines/Philippines AirAsia/Scoot/Singapore AirlinesSingapore
100%
Cebu Pacific/Philippine Airlines/QantasSydney
100%
Cebu Pacific/China Airlines/EVA Air/Philippine Airlines/Philippines AirAsia/Starlux AirlinesTaipei (Taoyuan)
100%
All Nippon Airways/Japan Airlines/Philippine AirlinesTokyo (Haneda)
100%
All Nippon Airways/Cebu Pacific/Japan Airlines/Philippine Airlines/Philippines AirAsia/Zipair TokyoTokyo (Narita)
100%
Philippine AirlinesVancouver
100%
Cebu Pacific/Philippine Airlines/XiamenAirXiamen
100%
Ethiopian AirlinesAddis Ababa
93%
Gulf AirBahrain
93%
Cebu Pacific/Royal Brunei AirlinesBandar Seri Begawan
93%
Cebgo/Cebu Pacific/PAL Express/Philippine Airlines/Philippines AirAsiaCebu
93%
Cebu Pacific/Philippine Airlines/Philippines AirAsiaDenpasar
93%
Philippine Airlines/Qatar AirwaysDoha
93%
Cebu Pacific/Emirates/Philippine AirlinesDubai (International)
93%
Kuwait AirwaysKuwait City
93%
Air Niugini/Philippine AirlinesPort Moresby
93%
Cebu Pacific/China Eastern Airlines/Philippine Airlines/Philippines AirAsiaShanghai (Pudong)
93%
Cebu Pacific/Philippine AirlinesFukuoka
86%
Philippine AirlinesHonolulu
86%
Cebu Pacific/Philippine Airlines/Philippines AirAsiaMacau
86%
Philippine AirlinesNew York (JFK)
86%
Cebu Pacific/Philippines AirAsiaShenzhen
86%
Philippine AirlinesBrisbane
79%
Cebu Pacific/PAL Express/Philippine Airlines/Philippines AirAsiaDavao
79%
Philippine AirlinesPerth
79%
Philippine Airlines/United AirlinesGuam
71%
Royal Air PhilippinesJeju
71%
China Airlines/Philippines AirAsiaKaohsiung
71%
Philippine AirlinesPhnom Penh
71%
Philippine AirlinesToronto (Pearson)
64%
Philippine AirlinesWuhan
64%
Philippine AirlinesDammam
57%
Cebu Pacific/Philippines AirAsiaKota Kinabalu
57%
Cebu Pacific/PAL Express/Philippine AirlinesGeneral Santos
50%
United AirlinesKoror
50%
Philippine Airlines/XiamenAirQuanzhou
50%
Cebgo/Cebu Pacific/PAL Express/Philippines AirAsia/Royal Air Philippines/Sunlight AirCaticlan
43%
Cebu Pacific/PAL Express/Philippines AirAsiaIloilo
43%
Cebu Pacific/PAL Express/Philippines AirAsiaKalibo
43%
Cebu Pacific/PAL Express/Philippines AirAsiaPuerto Princesa
43%
Cebu Pacific/PAL Express/Philippines AirAsiaBacolod
36%
Cebu Pacific/PAL ExpressLaoag
36%
Cebgo/Cebu Pacific/PAL ExpressLegazpi
36%
Cebu Pacific/PAL Express/Philippines AirAsiaTacloban
36%
Air Juan/AirSWIFT/Cebgo/PAL Express/SkyJet Airlines/Sunlight AirBusuanga
29%
AirSWIFTEl Nido
29%
Cebgo/PAL Express/Sunlight AirNaga
29%
PAL ExpressSan Jose de Buenavista
29%
CebgoSan Jose (Mindoro)
29%
Cebu Pacific/PAL Express/Philippines AirAsiaTagbilaran
29%
Cebu Pacific/PAL Express/Philippines AirAsiaZamboanga
29%
Cebu Pacific/PAL Express/Philippines AirAsiaCagayan de Oro
21%
CebgoMasbate
21%
Cebgo/PAL Express/Sunlight AirSiargao
21%
PAL ExpressBasco
14%
Cebu Pacific/PAL ExpressButuan
14%
PAL ExpressCalbayog
14%
Cebu PacificCauayan
14%
Cebu Pacific/PAL ExpressCotabato
14%
Cebu Pacific/PAL ExpressDumaguete
14%
Cebu Pacific/PAL ExpressPagadian
14%
Cebu Pacific/PAL Express/Philippines AirAsiaRoxas
14%
Cebu PacificTuguegarao
14%
Cebu PacificVirac
14%
Sunlight AirCamiguin
7%
PAL ExpressCatarman
7%
Cebu Pacific/PAL ExpressDipolog
7%
Cebu Pacific/PAL ExpressOzamiz
7%
SkyJet Airlines/Sunlight AirSan Vicente
7%
AirSWIFTSicogon
7%
AirSWIFTTablas
7%
Philippine AirlinesYangyang
7%

Score Distribution

Percentile by Number Answered

Percent of People with Each Score

Your Score History

You have not taken this quiz